Top 5 Most Famous by First Name: A (#2) - Statistics

General Stats
  • This quiz has been taken 15 times
  • The average score is 5 of 50
Answer Stats
First Name Last Name Hint Lifespan % Correct
Abigail Adams U.S. First Lady / Advisor 1744-1818
79%
Amber Heard Actress 1986-
57%
Annie Oakley Sharpshooter 1860-1926
43%
Abigail Breslin Actress / Singer 1996-
36%
Abbie Hoffman Political / Social Activist / Co-Founder of the Youth International Party / Member of the Chicago Seven 1936-1989
29%
Annie Lennox Singer-Songwriter / Political Activist / Philanthropist 1954-
29%
Aidan Gillen Actor 1968-
21%
Annie Leibovitz Portrait Photographer 1949-
21%
Alexandra Burke Singer / Songwriter / Actress 1988-
14%
Alexandra Daddario Actress 1986-
14%
Aiden McGeady Footballer 1986-
14%
Aidan Quinn Actor 1959-
14%
Abigail Spanberger U.S. Congresswoman 1979-
14%
Arthur Wellesley Anglo-Irish Soldier / Tory Statesman / Prime Minister of the United Kingdom 1769-1852
14%
Amber Benson Actress / Writer / Director / Producer 1977-
7%
Arthur C. Clarke Fiction & Non-Fiction Writer / Futurist / Inventor / Undersea Explorer / TV Host 1917-2008
7%
Arthur Conan Doyle Writer / Physician 1859-1930
7%
Aiden English Wrestler / Announcer 1987-
7%
Annie Murphy Actress 1986-
7%
Amber Rudd British Home Secretary / Secretary of State for Work and Pensions 1963-
7%
Arthur Schopenhauer Philosopher 1788-1860
7%
Abigail Spencer Actress 1981-
7%
Aiden Tolman Rugby Player 1988-
7%
Abigail Washburn Clawhammer Banjo Player / Singer 1977-
7%
Annabelle Apsion Actress 1960-
0%
Annabelle Attanasio Actress / Filmmaker 1993-
0%
Amelie Beese Aviator 1886-1925
0%
Annie Besant Socialist / Theosophist / Women's Rights Activist / Writer / Orator / Educationist / Philanthropist 1847-1933
0%
Abbie Cornish Actress / Rapper 1982-
0%
Abbie Eaton Racing Driver 1992-
0%
Alexandra Feodorovna Empress 1872-1918
0%
Amelie Fried Writer / TV Presenter 1958-
0%
Aidan Gallagher Actor 2003-
0%
Amelie Gillette Newspaper Columnist / TV Writer ????-
0%
Abbie G. Rogers Business Magnate 1841-1894
0%
Annabelle Gurwitch Author / Comedic Actress / TV Host 1961-
0%
Arthur Koestler Author / Journalist 1905-1983
0%
Alexandra Kollontai Revolutionary / Politician / Diplomat / Marxist Theoretician 1872-1952
0%
Amelie Lens DJ / Record Producer / Owner of the Lenske Record Label 1990-
0%
Amber Liu Singer / Rapper / Songwriter 1992-
0%
Aiden Markram Cricketer 1994-
0%
Abbie McManus Footballer 1993-
0%
Aidan Moffat Vocalist / Musician 1973-
0%
Amelie Morgan Artistic Gymnast 2003-
0%
Annabelle Morozov Ice Dancer 2001-
0%
Aiden O'Brien Footballer 1993-
0%
Alexandra of Denmark Queen / Empress 1844-1925
0%
Amber Tamblyn Actress / Writer / Director 1983-
0%
Aidan Turner Actor 1983-
0%
Annabelle Wallis Actress 1984-
0%
No matching quizzes found
Score Distribution
Percent of People with Each Score
Percentile by Number Answered
Your Score History
You have not taken this quiz